Journal of Tourism, Hospitality and Commerce vědecko-odborný recenzovaný časopis

Na minha lista:
Detalhes bibliográficos
Formato: Periódico
Idioma:tcheco
Publicado em: Brno Vysoká škola obchodní a hotelová s.r.o. Brno 2018
Assuntos:
Tags: Adicionar Tag
Sem tags, seja o primeiro a adicionar uma tag!

MARC

LEADER 00000nas2a2200000 4500
001 0290675
005 20230130141743.4
022 |a 1804-3836 
041 0 |a cze 
044 |a CZ 
245 1 0 |a Journal of Tourism, Hospitality and Commerce  |b vědecko-odborný recenzovaný časopis 
264 1 |a Brno  |b Vysoká škola obchodní a hotelová s.r.o. Brno  |c 2018 
773 0 |w eu_un_cat*0207940 
610 2 0 |a ruch cestovný 
610 2 0 |a turistika 
610 2 0 |a obchod 
610 2 0 |a služby obchodné 
610 2 0 |a gastronómia